Štruktúra likvidity bankového sektora z pohľadu systematicky dôležitých bánk diplomová práca

Guardado en:
Detalles Bibliográficos
Autor principal: Sakmárová, Veronika
Autor Corporativo: Národohospodárska fakulta EU. Katedra bankovníctva a medzinárodných financií
Otros Autores: Vojtková, Mária
Formato: Libro
Lenguaje:eslovaco
Publicado: Bratislava 2015
Etiquetas: Agregar Etiqueta
Sin Etiquetas, Sea el primero en etiquetar este registro!

MARC

LEADER 00000nbm a2200000 4500
001 0202501
005 20161212095318.9
041 0 |a slo 
044 |a SK 
245 1 0 |a Štruktúra likvidity bankového sektora z pohľadu systematicky dôležitých bánk  |b diplomová práca  |c Veronika Sakmárová ; školiteľ: Mária Širaňová 
264 1 |a Bratislava  |c 2015 
300 |a 65 s. 
100 1 |a Sakmárová, Veronika 
700 1 |a Vojtková, Mária 
710 2 |a Národohospodárska fakulta EU. Katedra bankovníctva a medzinárodných financií